<?xml version="1.0" encoding="UTF-8"?>
<record
    xmlns:xsi="http://www.w3.org/2001/XMLSchema-instance"
    xsi:schemaLocation="http://www.loc.gov/MARC21/slim http://www.loc.gov/standards/marcxml/schema/MARC21slim.xsd"
    xmlns="http://www.loc.gov/MARC21/slim">

  <leader>01239nam a2200241 a 4500</leader>
  <controlfield tag="001">000016063</controlfield>
  <controlfield tag="005">20200929164246.0</controlfield>
  <controlfield tag="008">100224s1988    dr acd  r     001 0 spa d</controlfield>
  <datafield tag="040" ind1=" " ind2=" ">
    <subfield code="a">DO-SdBNP</subfield>
    <subfield code="b">spa</subfield>
    <subfield code="c">BNPHU</subfield>
  </datafield>
  <datafield tag="082" ind1=" " ind2=" ">
    <subfield code="a">363.3495</subfield>
    <subfield code="b">G367t</subfield>
  </datafield>
  <datafield tag="100" ind1="1" ind2=" ">
    <subfield code="a">Gere, James M.</subfield>
    <subfield code="9">36029</subfield>
  </datafield>
  <datafield tag="245" ind1="1" ind2="0">
    <subfield code="a">Terra non firma :</subfield>
    <subfield code="b">entendiendo y prepar&#xE1;ndose para los terremotos /</subfield>
    <subfield code="c">James M. Gere, Haresh C. Shah; traducci&#xF3;n Orlando Franco Batlle.</subfield>
  </datafield>
  <datafield tag="260" ind1=" " ind2=" ">
    <subfield code="a">Santo Domingo :</subfield>
    <subfield code="b">FUNDOS&#xCD;SMICA,</subfield>
    <subfield code="c">1988.</subfield>
  </datafield>
  <datafield tag="300" ind1=" " ind2=" ">
    <subfield code="a">196 p. :</subfield>
    <subfield code="b">il., gr&#xE1;fcs., retrs. ;</subfield>
    <subfield code="c">23 cm.</subfield>
  </datafield>
  <datafield tag="505" ind1="0" ind2=" ">
    <subfield code="g">Prefacio --</subfield>
    <subfield code="t">Una experiencia chocante --</subfield>
    <subfield code="t">&#xBF;Por qu&#xE9; tenemos terremotos? --</subfield>
    <subfield code="t">Deslizamientos, licuefacci&#xF3;n y otros peligros de terremotos --</subfield>
    <subfield code="t">Tsunamis --</subfield>
    <subfield code="t">C&#xF3;mo son medidos los terremotos y sus efectos --</subfield>
    <subfield code="t">Predicci&#xF3;n de terremotos --</subfield>
    <subfield code="t">Dise&#xF1;o de ingenier&#xED;a --</subfield>
    <subfield code="t">Comunidad y planeamiento individual --</subfield>
    <subfield code="t">Prepar&#xE1;ndonos para el pr&#xF3;ximo terremoto --</subfield>
    <subfield code="t">Datos de terremotos.</subfield>
  </datafield>
  <datafield tag="590" ind1=" " ind2=" ">
    <subfield code="a">Inventariado, 2018/BT</subfield>
  </datafield>
  <datafield tag="650" ind1=" " ind2="4">
    <subfield code="a">Terremotos</subfield>
    <subfield code="9">26259</subfield>
  </datafield>
  <datafield tag="650" ind1=" " ind2="4">
    <subfield code="a">Prevenci&#xF3;n y protecci&#xF3;n frente a los sismos</subfield>
    <subfield code="9">20992</subfield>
  </datafield>
  <datafield tag="650" ind1=" " ind2="4">
    <subfield code="a">Predicci&#xF3;n s&#xED;smica</subfield>
    <subfield code="9">20991</subfield>
  </datafield>
  <datafield tag="650" ind1=" " ind2="4">
    <subfield code="a">Sismometr&#xED;a</subfield>
    <subfield code="9">36030</subfield>
  </datafield>
  <datafield tag="700" ind1="1" ind2=" ">
    <subfield code="a">Franco Batlle, Orlando</subfield>
    <subfield code="e">tr.</subfield>
    <subfield code="9">36031</subfield>
  </datafield>
  <datafield tag="910" ind1=" " ind2=" ">
    <subfield code="a">Validado. Control de calidad. EMS</subfield>
  </datafield>
  <datafield tag="952" ind1=" " ind2=" ">
    <subfield code="0">0</subfield>
    <subfield code="1">0</subfield>
    <subfield code="7">1</subfield>
    <subfield code="8">PD</subfield>
    <subfield code="a">PD</subfield>
    <subfield code="b">PD</subfield>
    <subfield code="c">HD</subfield>
    <subfield code="d">2010-02-24</subfield>
    <subfield code="i">LF1</subfield>
    <subfield code="l">0</subfield>
    <subfield code="o">363.3495 G367t</subfield>
    <subfield code="p">16063-10</subfield>
    <subfield code="r">2020-06-25</subfield>
    <subfield code="w">2020-06-25</subfield>
    <subfield code="y">LFPD</subfield>
    <subfield code="Z">No se presta</subfield>
  </datafield>
  <datafield tag="999" ind1=" " ind2=" ">
    <subfield code="c">15604</subfield>
    <subfield code="d">15604</subfield>
  </datafield>
</record>
